00556nam a22001337a 4500003000400000008004100004020001800045082001700063245009900080260007500179300001600254650013300270700001900403OSt260629b |||||||| |||| 00| 0 eng d a9789394023154 bK96Aa658.87 aAdvances in Agricultural Marketing & Value Chain Management/edited by Ujjwal Kumar...[et al.] aNew Delhi: bInternational Books & Periodicals Supply Service, c2022. avii, 218 p. a Technology (Applied Sciences) | Management and Auxiliary Services | Marketing | Agricultural Marketing | Value Chain Management aKumar, Ujjwal